[Event "Wch U18"]
[Site "Menorca"]
[Date "1996.??.??"]
[Round "2"]
[White "Boudenne, Jean"]
[Black "Goloshchapov, Alexander"]
[Result "0-1"]
[WhiteElo "2305"]
[BlackElo "2455"]

1.c4 Nf6 2.Nf3 g6 3.g3 Bg7 4.Bg2 O-O 5.O-O c6 6.d4 d5 7.Nc3 Bf5 8.Qb3 Qb6
9.Qxb6 axb6 10.cxd5 cxd5 11.Bf4 Nc6 12.Rfd1 e6 13.e3 h6 14.Bc7 Rfc8 15.Bxb6 Nd7
16.Bc5 Nxc5 17.dxc5 Ra5 18.Nd4 Rxc5 19.Nce2 Nxd4 20.Nxd4 Bxd4 21.Rxd4 Rc1+
22.Rd1 R1c2 23.Rab1 Re2 24.Bf1 Bxb1 25.Bxe2 Bxa2 26.Bd3 Rc6 27.h4 Bc4 28.Kf1 Kg7
29.Ke2 Kf6 30.Kd2 h5 31.Bxc4 Rxc4 32.Ra1 Kf5 33.Ra7 Rb4 34.Kc3 Rb6 35.Ra4 e5
36.b3 e4 37.Rd4 Rb5 38.Rd2 Kg4 39.b4 Kf3 40.Kb3 f6 41.Ka4 Rb6 42.b5 Rd6 43.Kb4 g5
44.Kc5 Rd7 45.b6 gxh4 46.gxh4 f5 47.Rxd5 Rxd5+ 48.Kxd5 Kxf2 49.Kd6 f4  0-1

[Event "Mondariz op"]
[Site "Mondariz"]
[Date "1996.??.??"]
[Round "?"]
[White "Miguel, Victor"]
[Black "Gonzalez Garcia, Jose"]
[Result "0-1"]
[WhiteElo "2290"]
[BlackElo "2460"]

1.Nf3 Nf6 2.g3 g6 3.Bg2 Bg7 4.c4 O-O 5.O-O d6 6.Nc3 e5 7.d4 Nbd7 8.e4 c6
9.h3 Re8 10.Re1 a5 11.d5 Nc5 12.Qe2 Bd7 13.Rd1 cxd5 14.cxd5 Rb8 15.Ne1 b5
16.Nd3 Nxd3 17.Qxd3 Qc8 18.a4 bxa4 19.Kh2 Rb4 20.Ra2 Qb7 21.Qb1 Rc8 22.Qa1 Rcc4
23.Re1 Rc8 24.Nxa4 Rc2 25.Nc3 Rxf2 26.Rxa5 h5 27.Ra8+ Kh7 28.Qa7 Rbxb2 29.Rg1 Qb3
30.Bxb2 Rxb2 31.Nd1 Re2 32.Qa3 Qxa3 33.Rxa3 h4 34.Re3 Rd2 35.gxh4 Bh6 36.Rf3 Bf4+
37.Rxf4 exf4 38.Nc3 f3 39.Rd1 Rxg2+ 40.Kh1 Bxh3 41.Rf1 f2 42.Ne2 Ng4 43.Nf4 Rh2+  0-1

[Event "Monaco tt"]
[Site "Monte Carlo"]
[Date "1996.??.??"]
[Round "6"]
[White "Flear, Christine"]
[Black "Babault, Patrice"]
[Result "1/2-1/2"]
[WhiteElo "2220"]
[BlackElo "2305"]

1.Nf3 Nf6 2.c4 g6 3.g3 Bg7 4.Bg2 O-O 5.O-O d6 6.d4 c6 7.Nc3 Qa5 8.Qd2 Qh5
9.Qg5 Qxg5 10.Bxg5 Be6 11.b3 Na6 12.Rac1 h6 13.Bd2 Rab8 14.e4 Bg4 15.h3 Bxf3
16.Bxf3 Nd7 17.Be3 c5 18.Nb5 cxd4 19.Nxd4 Nac5 20.Bg2 Rfc8 21.Rfd1 a6  1/2-1/2

[Event "Moscow GM2"]
[Site "Moscow"]
[Date "1996.??.??"]
[Round "?"]
[White "Rustemov, Alexander"]
[Black "Sadvakasov, Darmen"]
[Result "1-0"]
[WhiteElo "2495"]
[BlackElo "2280"]

1.Nf3 Nf6 2.c4 g6 3.g3 Bg7 4.Bg2 O-O 5.Nc3 d6 6.d4 Nbd7 7.O-O e5 8.e4 Re8
9.d5 h6 10.Bd2 c6 11.Ne1 cxd5 12.cxd5 Nb6 13.b3 Bd7 14.Nd3 Rc8 15.a4 a6 16.Nb2 Rf8
17.a5 Na8 18.Nc4 Ne8 19.Qc1 Bb5 20.Qb1 Bd7 21.Qa2 f5 22.Qa3 Qf6 23.Qb4 Rc7
24.exf5 gxf5 25.Rae1 Bc8 26.Bc1 Qd8 27.Ba3 Rff7 28.Kh1 Bf8 29.f4 e4 30.g4 Qh4
31.gxf5 Rxf5 32.Bxe4 Rxf4 33.Bg2 Rxf1+ 34.Rxf1 Rg7 35.Ne3 Qxb4 36.Bxb4 Rf7
37.Rc1 Nac7 38.Ne4 Bf5 39.Rg1 Kh8 40.Bc3+ Kh7 41.Nxf5 Rxf5 42.Bf1 Rf3 43.Be2 Re3
44.Bh5 Ng7 45.Nf6+ Kh8 46.Rg6  1-0

[Event "Moscow IM3"]
[Site "Moscow"]
[Date "1996.??.??"]
[Round "?"]
[White "Semenov, Valeri"]
[Black "Radzhabov, ShT"]
[Result "1-0"]
[WhiteElo "2375"]
[BlackElo "2305"]

1.Nf3 Nf6 2.c4 g6 3.g3 Bg7 4.Bg2 O-O 5.O-O d6 6.d4 Nbd7 7.Qc2 e5 8.Rd1 exd4
9.Nxd4 Re8 10.e4 Nc5 11.Nc3 a5 12.Ndb5 Be6 13.Be3 Qe7 14.b3 Ng4 15.Bd4 Nf6
16.Rac1 Rad8 17.Nd5 Bxd5 18.exd5 Bh6 19.Nxc7 Qxc7 20.Bxf6 Bxc1 21.Qxc1 Ne4  1-0

[Event "Moscow-C"]
[Site "Moscow"]
[Date "1996.??.??"]
[Round "?"]
[White "Semenov, Valeri"]
[Black "Vasilevich, Tatjana"]
[Result "0-1"]
[WhiteElo "2375"]
[BlackElo "2270"]

1.Nf3 Nf6 2.c4 g6 3.g3 Bg7 4.Bg2 O-O 5.O-O d6 6.d4 c6 7.Nc3 Qa5 8.h3 Qa6
9.Qd3 Bf5 10.e4 Nxe4 11.Nxe4 d5 12.Nfd2 Rd8 13.Qe2 dxe4 14.Nxe4 Bxd4 15.Bg5 f6
16.Bh6 Nd7 17.g4 Bxe4 18.Bxe4 e5 19.Kh2 Nc5 20.Bg2 Rd7 21.Rfd1 Rad8 22.Rd2 Nb3  0-1

[Event "Moscow Alekhine op"]
[Site "Moscow"]
[Date "1996.??.??"]
[Round "9"]
[White "Novgorodskij, Vladimir"]
[Black "Zhurina, Elizaveta"]
[Result "1-0"]
[WhiteElo "2325"]
[BlackElo "2220"]

1.Nf3 Nf6 2.c4 g6 3.g3 Bg7 4.Bg2 O-O 5.O-O d6 6.Nc3 c6 7.d4 a5 8.Bf4 Nh5
9.Be3 e6 10.Qd2 Re8 11.Bg5 Qc7 12.Rad1 Nd7 13.Bh6 Bh8 14.g4 Nhf6 15.Qg5 e5
16.Qh4 Nf8 17.h3 Ne6 18.dxe5 dxe5 19.Bg5 Nxg5 20.Nxg5 h5 21.Nce4 hxg4 22.hxg4 Bg7
23.Nd6 Re7 24.Bf3 Be6 25.b3 Rd8 26.c5 Bd5 27.e4 Be6 28.Be2 b6 29.cxb6 Qxb6
30.Nh7 Rxd6 31.Rxd6 Qc7 32.Nxf6+ Bxf6 33.Qxf6 Qxd6 34.Kg2 Qb4 35.Rh1 Qxe4+
36.Bf3  1-0

[Event "Muenster op"]
[Site "Muenster"]
[Date "1996.??.??"]
[Round "4"]
[White "Lingnau, Carsten"]
[Black "Dydyshko, Viacheslav"]
[Result "1/2-1/2"]
[WhiteElo "2380"]
[BlackElo "2545"]

1.Nf3 Nf6 2.c4 g6 3.g3 Bg7 4.Bg2 O-O 5.d4 c5 6.O-O cxd4 7.Nxd4 Nc6 8.Nc3 Ng4
9.e3 d6 10.Nde2 Nge5 11.b3 a6 12.Bb2 Bf5 13.e4 Bg4 14.f3 Bd7 15.Kh1 Nb4 16.Nd5 a5
17.Qd2 Nxd5 18.exd5 b5 19.f4 Ng4 20.Bxg7 Kxg7 21.h3 Nf6 22.cxb5 Bxb5 23.Rfe1 Bxe2
24.Qxe2 Re8 25.Kh2 Qb8 26.Rab1 h5 27.Bf3 Qa7 28.Kg2 Reb8 29.Qd2  1/2-1/2

[Event "JUG-chT"]
[Site "Niksic"]
[Date "1996.??.??"]
[Round "?"]
[White "Paunovic, Dragan"]
[Black "Knezevic, Bojan"]
[Result "1-0"]
[WhiteElo "2495"]
[BlackElo "2380"]

1.Nf3 Nf6 2.c4 g6 3.g3 Bg7 4.Bg2 O-O 5.O-O d6 6.d4 c6 7.Nc3 Qa5 8.h3 Qa6
9.Nd2 Be6 10.d5 Bd7 11.e4 cxd5 12.exd5 e6 13.dxe6 Bxe6 14.Nb5 Ne8 15.a4 Nc6
16.Rb1 Qb6 17.b4 Ne5 18.c5 dxc5 19.bxc5 Qa5 20.Ne4 Nc4 21.Bg5 f6 22.Bf4 Rd8
23.Qe2 Bf7 24.Ned6 Nexd6 25.Nxd6 Nxd6 26.Bxd6 Rfe8 27.Qb5 Qxb5 28.axb5 Bf8
29.Bxf8 Kxf8 30.Bxb7 Bd5 31.c6 Re7 32.Rfd1 Rc7 33.Ra1  1-0

[Event "JUG-chT"]
[Site "Niksic"]
[Date "1996.??.??"]
[Round "?"]
[White "Paunovic, Dragan"]
[Black "Antic, Dejan"]
[Result "1/2-1/2"]
[WhiteElo "2495"]
[BlackElo "2435"]

1.Nf3 Nf6 2.c4 g6 3.g3 Bg7 4.Bg2 O-O 5.d4 d6 6.O-O Nbd7 7.Qc2 e5 8.Rd1 Re8
9.e4 Qe7 10.Nc3 c6 11.d5 c5 12.Bg5 Nb6 13.b3 h6 14.Bd2 Bd7 15.a4 a5 16.Nb5 Rf8
17.Bc3 Nc8 18.Rf1 b6 19.Rae1 Na7 20.Nd2 Nh7 21.f4 f6 22.f5 Nxb5 23.cxb5 g5
24.Nc4 Rfb8 25.Bf3 Be8 26.Qe2 Bf8 27.Bh5 Bxh5 28.Qxh5 Qf7 29.Qg6+ Qg7 30.g4 Be7
31.Qh5 Nf8 32.Rf3 Nd7 33.Qh3 Kf7 34.Qh5+ Kg8 35.Kf2 Bf8 36.Qh3 Kf7 37.Qg2 Be7
38.Rh3 Ke8 39.Rh5 Kd8 40.Rh1 Kc7 41.h4 Rg8 42.hxg5 hxg5 43.Rh7 Qf8 44.Qh3 Rg7
45.Qh6 Rxh7 46.Qxh7 Qe8 47.Rh6 Rc8 48.Kg2 Ra8 49.Bd2 Rc8 50.Kg3 Ra8 51.Rh1 Rc8
52.Be3 Ra8 53.Rh6 Rc8 54.Bf2 Ra8 55.Ne3 Rc8 56.Rh1 Ra8 57.Kf3 Rc8 58.Qg7 Qf8
59.Qg6 Qe8 60.Rh7 Nf8 61.Qxe8 Rxe8 62.Rh8 Rb8 63.Nf1 Kd7 64.Rg8 Ke8 65.Rg7 Nd7
66.Ke2 Kf8 67.Rh7 Re8 68.Nd2 Kg8 69.Rh1 Bd8 70.Nc4  1/2-1/2

[Event "JUG-chT"]
[Site "Niksic"]
[Date "1996.??.??"]
[Round "?"]
[White "Paunovic, Dragan"]
[Black "Simic, Radoslav"]
[Result "1/2-1/2"]
[WhiteElo "2480"]
[BlackElo "2490"]

1.Nf3 Nf6 2.c4 g6 3.g3 Bg7 4.Bg2 O-O 5.d4 c6 6.Nc3 d5 7.cxd5 cxd5 8.Ne5 e6
9.Bg5 Qb6 10.Qd2 Nfd7 11.Be3 Nc6 12.Nxc6 bxc6 13.Rc1 a5 14.b3 Ba6 15.O-O Rfc8
16.Rfd1 Qb4 17.Bh6 Bxh6 18.Qxh6 Nb6 19.e4 a4 20.Qd2 axb3 21.axb3 Bb7 22.Ne2 Qxd2
23.Rxd2 Ra3 24.Rb2 Rca8 25.Nc3 Ra1 26.Rbb1 Rxb1 27.Rxb1 Ra3 28.Bf1 Kf8 29.Na4 Nd7
30.exd5 exd5 31.Bd3 Ke7 32.Kf1 Kd6 33.Ke2 c5 34.Bb5 cxd4 35.Bxd7 Ba6+ 36.Kd2 Kxd7
37.Nc5+ Kd6 38.Nxa6 Rxa6 39.Rb2 Kc5 40.Kd3 Ra3 41.f4 f5 42.h3 Ra1 43.b4+ Kb5
44.Kxd4 Rd1+ 45.Ke3 d4+ 46.Ke2 Rg1 47.Kf2 Rc1 48.g4 Rc4 49.gxf5 gxf5 50.Ke2 Rxb4
51.Rc2 Rb3 52.Rc7 Rxh3 53.Kd2 h5 54.Rf7 Kc4 55.Rxf5 Rh2+ 56.Ke1 Kd3 57.Re5 Rh4
58.f5 Rf4 59.f6 Rxf6 60.Rxh5 Ra6 61.Rd5 Ra1+ 62.Kf2 Rd1 63.Ra5 Rc1 64.Rd5 Rc2+
65.Ke1 Re2+ 66.Kd1 Ra2 67.Kc1 Ra1+ 68.Kb2 Re1 69.Rd8 Re7 70.Kc1  1/2-1/2

[Event "JUG-ch op"]
[Site "Nis"]
[Date "1996.??.??"]
[Round "10"]
[White "Barlov, Dragan"]
[Black "Milanovic, Danilo"]
[Result "1-0"]
[WhiteElo "2460"]
[BlackElo "2305"]

1.Nf3 Nf6 2.c4 g6 3.g3 Bg7 4.Bg2 O-O 5.O-O c5 6.d4 cxd4 7.Nxd4 d6 8.Nc3 Na6
9.b3 Nc5 10.h3 Rb8 11.Be3 a6 12.Qd2 Bd7 13.Rac1 Ne6 14.Rfd1 Nxd4 15.Bxd4 Bc6
16.e4 Rc8 17.b4 Qe8 18.Re1 e5 19.Be3 Qe6 20.Nd5 Nd7 21.Qd3 f5 22.b5 axb5
23.cxb5 Bxd5 24.exf5 Bc4 25.Rxc4 Qxf5 26.Qxf5 gxf5 27.Rxc8 Rxc8 28.Bxb7 Rb8
29.Bc6 Nc5 30.Rd1 Bf8 31.Bxc5 dxc5 32.a4 Kg7 33.a5 c4 34.Rc1 Bb4 35.a6 Bc5
36.Rxc4 Ba7 37.Bd7 Kf6 38.Rc7 Bd4 39.Bc6 Rg8 40.a7  1-0

[Event "RUS-Cup3"]
[Site "Omsk"]
[Date "1996.??.??"]
[Round "8"]
[White "Permiakov, Vladimir"]
[Black "Ibragimov, A."]
[Result "1/2-1/2"]
[WhiteElo "2400"]
[BlackElo "2250"]

1.Nf3 Nf6 2.c4 g6 3.g3 Bg7 4.Bg2 O-O 5.O-O d5 6.cxd5 Nxd5 7.d4 Nc6 8.e3 Nb6
9.Nc3 e5 10.d5 Na5 11.e4 c6 12.Bg5 f6 13.Be3 cxd5 14.Bxb6 Qxb6 15.Nxd5 Qd8
16.b4 Nc6 17.Rc1 f5 18.b5 fxe4 19.bxc6 bxc6 20.Nxe5 Qxd5 21.Nxc6 Qxd1 22.Rfxd1 Re8
23.Re1 Bf5 24.h3 h5 25.g4 hxg4 26.hxg4 Bxg4 27.Bxe4 Rac8 28.Kg2 Bf5 29.Bxf5 Rxe1
30.Rxe1  1/2-1/2

[Event "Komercni Banka op"]
[Site "Pardubice"]
[Date "1996.??.??"]
[Round "1"]
[White "Gisbrecht, Ewgeni"]
[Black "Jedlicka, Ales"]
[Result "1/2-1/2"]
[WhiteElo "2370"]
[BlackElo "2145"]

1.Nf3 Nf6 2.c4 g6 3.g3 Bg7 4.Bg2 O-O 5.O-O d6 6.d4 Nc6 7.d5 Na5 8.Nfd2 c5
9.Nc3 a6 10.Qc2 Rb8 11.b3 b5 12.cxb5 axb5 13.Bb2 e5 14.dxe6 Bxe6 15.Rad1 Qe7
16.Nde4 Rfd8 17.Nxf6+ Bxf6 18.Ne4 Bxb2 19.Qxb2 f5 20.Nf6+ Kf8 21.Nd5 Qg7
22.Qd2 b4 23.Nf4 Bf7 24.Bd5 Qe5 25.Rfe1 Bxd5 26.Nxd5 Nc6 27.e3 Rb7 28.Re2 Ne7
29.e4 fxe4 30.Qh6+ Qg7 31.Qh4 g5 32.Qxe4 Nxd5 33.Qxd5 Re7 34.Rde1 Rxe2 35.Rxe2 g4
36.Re4 Qg6 37.Rf4+ Kg7 38.Qb7+ Kg8 39.Qe7 Re8 40.Qd7 h5 41.Kg2 Rf8 42.Rxf8+ Kxf8
43.Qd8+ Kf7 44.Qd7+  1/2-1/2

[Event "Komercni Banka op"]
[Site "Pardubice"]
[Date "1996.??.??"]
[Round "2"]
[White "Sergeev, Vladimir"]
[Black "Neuman, Petr"]
[Result "1-0"]
[WhiteElo "2435"]
[BlackElo "2205"]

1.c4 Nf6 2.Nf3 g6 3.g3 Bg7 4.Bg2 O-O 5.Nc3 d6 6.d4 c6 7.h3 Qa5 8.Bd2 e5 9.Rc1 Na6
10.b3 Qc7 11.O-O Re8 12.Re1 exd4 13.Nxd4 Nc5 14.Rc2 Nfe4 15.Nxe4 Nxe4 16.Bc1 Qa5
17.e3 Bd7 18.Rf1 Rad8 19.a3 c5 20.Ne2 d5 21.cxd5 Bb5 22.Bxe4 Rxe4 23.Rxc5 Qb6
24.b4 Qa6 25.Re1 b6 26.Rc7 Bc4 27.Nf4 Ree8 28.Qc2 Bxd5 29.Nxd5 Rxd5 30.Rd1 Rxd1+
31.Qxd1 Rc8 32.b5  1-0

[Event "Komercni Banka op"]
[Site "Pardubice"]
[Date "1996.??.??"]
[Round "2"]
[White "Jirovsky, Milos"]
[Black "Iljin, Stanislav"]
[Result "1/2-1/2"]
[WhiteElo "2445"]
[BlackElo "2305"]

1.Nf3 Nf6 2.c4 g6 3.g3 Bg7 4.Bg2 O-O 5.O-O d5 6.cxd5 Nxd5 7.Nc3 c5 8.d4 Nc6
9.Nxd5 Qxd5 10.Be3 cxd4 11.Nxd4 Qa5 12.Nxc6 bxc6 13.Bd2 Qa6 14.Qc1 Be6 15.Bc3 Rad8
16.Bxg7 Kxg7 17.Qc3+ Kg8 18.Bf3 Rd6 19.a3 Rfd8 20.Rac1 Bd5 21.Rc2 Bxf3 22.Qxf3 Rd2
23.Rfc1 c5 24.Qe3 Rxc2 25.Rxc2 Qb7 26.f3 Rc8 27.Rxc5 Rxc5 28.Qxc5 Qxb2 29.Qxe7 Qd4+
30.Kg2 a5 31.Qe4 Qb2 32.a4 Qb4 33.Qc2 Qd4 34.e4 Kg7 35.f4 h5 36.h4 Qb4 37.Kh2 Qd4
38.Kg2 Qb4 39.f5 gxf5 40.exf5 Kf6 41.Qc6+ Kxf5 42.Qd5+ Kf6 43.Qd8+ Ke6 44.Qe8+ Kf6
45.Qh8+ Ke6 46.Qh6+ f6 47.Qxh5 Qxa4 48.Qg6 Qc6+ 49.Kh2 Qf3 50.Qe8+ Kf5 51.Qb5+ Kg6
52.Qxa5 Qf2+ 53.Kh3 Qf1+  1/2-1/2

[Event "Komercni Banka op"]
[Site "Pardubice"]
[Date "1996.??.??"]
[Round "8"]
[White "Heinzel, Olaf"]
[Black "Cherevatenko, Roman"]
[Result "1-0"]
[WhiteElo "2310"]
[BlackElo "2415"]

1.c4 Nf6 2.Nf3 g6 3.g3 Bg7 4.Bg2 O-O 5.O-O d6 6.Nc3 Nc6 7.Rb1 a5 8.a3 e5
9.d3 h6 10.b4 axb4 11.axb4 Be6 12.b5 Ne7 13.Nd2 Qc8 14.Re1 Bh3 15.Bh1 Ng4
16.e4 f5 17.f3 Nf6 18.Nd5 Qd7 19.Nf1 Nexd5 20.cxd5 g5 21.Re2 g4 22.Bg2 gxf3
23.Bxh3 fxe2 24.Qxe2 Qe7 25.Ne3 Ng4 26.Nxf5 Rxf5 27.exf5 Nf6 28.Bg2 Qd7 29.Be4 Ra5
30.Qb2 Qf7 31.Bd2 Ra8 32.Ra1 Rc8 33.Qa2 c6 34.dxc6 d5 35.cxb7 Qxb7 36.Rb1 Kh7
37.Bg2 Qb6+ 38.Kh1 Ng4 39.Be1 Qe3 40.h3 Nf6 41.Qd2 Qb6 42.Qf2 Rc5 43.Qb2 e4
44.dxe4 Nxe4 45.Qe2 Nc3 46.Bxc3 Rxc3 47.Qe6 Qc7 48.f6 Bf8 49.b6  1-0

[Event "Komercni Banka op"]
[Site "Pardubice"]
[Date "1996.??.??"]
[Round "9"]
[White "Gisbrecht, Ewgeni"]
[Black "Shtyrenkov, Veniamen"]
[Result "1/2-1/2"]
[WhiteElo "2370"]
[BlackElo "2450"]

1.Nf3 Nf6 2.c4 g6 3.g3 Bg7 4.Bg2 O-O 5.O-O d6 6.d4 Nc6 7.Nc3 a6 8.b3 Rb8
9.Bb2 b5 10.d5 Na5 11.cxb5 axb5 12.Nd4 b4 13.Nb1 Bb7 14.e4 Nd7 15.Nd2 Nc5
16.Qc2 Ba6 17.Rfd1 Bd3 18.Qc1 Bxd4 19.Bxd4 Be2 20.Nf3 e5 21.Nxe5 Bxd1 22.Qxd1 f6
23.Ng4 Qe7 24.Qc2 Rbc8 25.e5 fxe5 26.Nxe5 Qg5 27.Bh3 Rce8 28.Nd7 Nxd7 29.Bxd7 Qxd5
30.Bxe8 Qxd4 31.Re1 Nb7 32.Bb5 Nc5 33.Bc4+ Kh8 34.Qe2 Qf6 35.Qe3 c6 36.Bf1 Qc3
37.Qxc3+ bxc3 38.Rc1 Ne4 39.Bg2 Nxf2 40.Rxc3 c5 41.Rc2 Ng4 42.Re2 Ne5 43.Rd2 Rd8
44.a4 c4 45.b4 Nd3 46.Bd5 Nxb4 47.Bxc4 d5 48.Rd4 Kg7 49.Bb3 Rb8 50.Bxd5 Nxd5
51.Rxd5 Rb1+ 52.Kf2 Rb2+ 53.Ke3 Rxh2 54.Rd2 Rh5 55.Ra2 Ra5 56.Kd4 Kf6 57.Kc4 Kg5
58.Kb4 Ra8 59.a5 Kg4 60.Ra3 h5 61.a6 g5 62.a7 h4  1/2-1/2

[Event "Paris op"]
[Site "Paris"]
[Date "1996.??.??"]
[Round "1"]
[White "Loeffler, Stefan"]
[Black "Georgiev, Krum"]
[Result "1-0"]
[WhiteElo "2415"]
[BlackElo "2490"]

1.Nf3 Nf6 2.c4 g6 3.g3 Bg7 4.Bg2 O-O 5.O-O d6 6.Nc3 e5 7.d4 Nc6 8.d5 Ne7
9.c5 Bg4 10.Qb3 Rb8 11.cxd6 cxd6 12.e4 b5 13.Re1 b4 14.Nd1 Nd7 15.Be3 f5
16.Ng5 f4 17.f3 fxe3 18.fxg4 Nc5 19.Qc4 Bh6 20.Nf3 Nc8 21.h4 Nb6 22.Qc2 b3
23.axb3 Nbd7 24.Ra3  1-0

[Event "Paris op"]
[Site "Paris"]
[Date "1996.??.??"]
[Round "2"]
[White "Claverie, Christophe"]
[Black "Blees, Albert"]
[Result "1/2-1/2"]
[WhiteElo "2325"]
[BlackElo "2405"]

1.Nf3 Nf6 2.c4 g6 3.g3 Bg7 4.Bg2 O-O 5.O-O d6 6.Nc3 e5 7.d3 h6 8.Rb1 a5 9.a3 Re8
10.e4 c6 11.Re1 Na6 12.b4 axb4 13.axb4 Be6 14.h3 Qc7 15.Kh2 Kh7 16.Bd2 Ng8
17.Nh4 Bf6 18.Nf3 Ne7 19.Be3 Red8 20.Qd2 Bg7 21.Rec1 Qd7 22.Na4 Nc8 23.b5 Nc5
24.bxc6 bxc6 25.Nxc5 dxc5 26.Ne1 Bf8 27.Rb3 Ra4 28.Qb2 Rb4 29.Bd2 Rxb3 30.Qxb3 Nd6
31.Bc3  1/2-1/2

[Event "Parnu-B"]
[Site "Parnu"]
[Date "1996.??.??"]
[Round "1"]
[White "Kveinys, Aloyzas"]
[Black "Sepp, Olav"]
[Result "1/2-1/2"]
[WhiteElo "2500"]
[BlackElo "2440"]

1.Nf3 Nf6 2.g3 g6 3.c4 Bg7 4.Bg2 O-O 5.O-O d6 6.d4 Nbd7 7.Nc3 e5 8.e4 c6
9.Rb1 a5 10.Re1 exd4 11.Nxd4 Ng4 12.h3 Qb6 13.Nce2 Nge5 14.Qc2 Qb4 15.Rd1 Qxc4
16.f4 Qxc2 17.Nxc2 Nc4 18.b3 Ncb6 19.Rxd6 a4 20.Bb2 axb3 21.axb3 Bxb2 22.Rxb2 Nc5
23.Rd1 Re8 24.Nc3 Be6 25.Nd4 Ra3 26.Nxe6 Rxe6 27.Rd4 Re7 28.Ne2 Rd7 29.Rxd7 Nbxd7
30.b4 Nd3 31.Rb1 f6 32.h4 Kf7 33.Nd4 Ke7 34.Bf1 Rc3 35.Be2  1/2-1/2

[Event "ARG-ch"]
[Site "Pena City"]
[Date "1996.??.??"]
[Round "1"]
[White "Panno, Oscar"]
[Black "Ricardi, Pablo"]
[Result "0-1"]
[WhiteElo "2485"]
[BlackElo "2535"]

1.Nf3 Nf6 2.c4 g6 3.g3 Bg7 4.Bg2 O-O 5.O-O c6 6.d4 d5 7.b3 c5 8.Bb2 dxc4
9.dxc5 Qa5 10.Nbd2 c3 11.Nc4 Qxc5 12.Bxc3 Nc6 13.Nfe5 Rd8 14.Qc1 Nd5 15.Bb2 Nxe5
16.Nxe5 Qb5 17.Nd3 Bf5 18.Bxg7 Kxg7 19.e4 Qxd3 20.exd5 Qd4 21.Re1 Rac8 22.Qa3 Rc2
23.Rf1 Rxf2 24.Rxf2 Qxa1+ 25.Bf1 Rxd5 26.Qxe7 Rd7 27.Qe8 Rd1 28.h4 Qd4 29.Qe7 Be6
30.Qxb7 Rxf1+ 31.Kxf1 Qd1+  0-1

[Event "POL-chTJ"]
[Site "Poland"]
[Date "1996.??.??"]
[Round "?"]
[White "Kopacz, Jaroslaw"]
[Black "Filipek, Jakub"]
[Result "1/2-1/2"]
[WhiteElo "2215"]
[BlackElo "2245"]

1.c4 Nf6 2.Nf3 g6 3.g3 Bg7 4.Bg2 O-O 5.O-O d6 6.d4 Nbd7 7.Nc3 e5 8.dxe5 dxe5
9.e4 c6 10.h3 Qe7 11.b3 a5 12.Qc2 Re8 13.Re1 Nc5 14.Ba3 Nfd7 15.Na4 Bf8 16.Rad1 Qf6
17.Nxc5 Nxc5 18.Bb2 Bd6 19.Bc3 Bc7 20.Kh2 b6 21.Re2 Qe7 22.a3 f6 23.b4 Ne6
24.Ree1 c5 25.bxa5 bxa5 26.Nd2 Rb8 27.Rb1 Bd7 28.Rxb8 Rxb8 29.Rb1 Qd8 30.Rxb8 Qxb8
31.Qb3 Qa8 32.Nf1 Bc6 33.Qb1 Nd4 34.Ne3 Qb7 35.Qxb7 Bxb7 36.Nd5 Bxd5 37.exd5 Nc2
38.a4 Nb4 39.Be4 Bd6 40.Kg2 Kf7 41.g4 Kg7 42.h4 Kf7 43.f3  1/2-1/2

[Event "POL-chTJ"]
[Site "Poland"]
[Date "1996.??.??"]
[Round "?"]
[White "Ciszak, Daniel"]
[Black "Nurkiewicz, Maciej"]
[Result "1-0"]
[WhiteElo "2090"]
[BlackElo "2275"]

1.c4 Nf6 2.Nf3 g6 3.g3 Bg7 4.Bg2 O-O 5.O-O d6 6.d4 Nbd7 7.Qc2 c5 8.Rd1 Rb8
9.Nc3 a6 10.dxc5 Nxc5 11.Nd4 e5 12.Nb3 Nxb3 13.Qxb3 Be6 14.Qb4 Qc7 15.Qxd6 Qxd6
16.Rxd6 Bxc4 17.Rb6 Nd7 18.Rxb7 Rxb7 19.Bxb7 f5 20.b3 Nc5 21.Ba3 Nxb7 22.Bxf8 Bxf8
23.bxc4 Na5 24.Nd5 Nxc4 25.Rc1 Nd2 26.Rc6 Kf7 27.Rf6+ Kg7 28.Rxa6 Bc5 29.Rc6 Ne4
30.e3  1-0

[Event "POR-CHN m"]
[Site "?"]
[Date "1996.??.??"]
[Round "8"]
[White "Antunes, Antonio"]
[Black "Peng Xiaomin"]
[Result "1/2-1/2"]
[WhiteElo "2545"]
[BlackElo "2490"]

1.Nf3 Nf6 2.c4 g6 3.g3 Bg7 4.Bg2 O-O 5.d4 d6 6.O-O Nbd7 7.Qc2 e5 8.Rd1 Re8
9.dxe5 dxe5 10.e4 c6 11.h3 Qc7 12.Be3 Bf8 13.c5 Qa5 14.Rc1 b6 15.cxb6 axb6
16.Nbd2 Bb7 17.Nc4 Qa6 18.Rd1 c5 19.Nd6 Bxd6 20.Rxd6 Bxe4 21.Qb3 Qa4 22.Qc3 Nd5
23.Qd2 Nxe3 24.Qxe3 Bxf3 25.Bxf3 e4 26.Bd1 Qa7 27.Bb3 Re7 28.Rad1 Rae8 29.h4 Nf8
30.h5 b5 31.Bd5 c4 32.hxg6 Nxg6 33.Qh6 e3 34.Kg2 exf2 35.Rh1 f1=Q+ 36.Rxf1 Re2+
37.Kh1 Re1 38.Rxg6+ hxg6 39.Qxg6+ Kf8 40.Qd6+ Kg7 41.Qf6+ Kh7 42.Qf5+ Kg7
43.Qg5+ Kf8 44.Qh6+ Kg8 45.Qg6+  1/2-1/2

[Event "POR-CHN m"]
[Site "?"]
[Date "1996.??.??"]
[Round "10"]
[White "Antunes, Antonio"]
[Black "Ye Jiangchuan"]
[Result "1/2-1/2"]
[WhiteElo "2545"]
[BlackElo "2560"]

1.Nf3 Nf6 2.c4 g6 3.g3 Bg7 4.Bg2 O-O 5.d4 d5 6.O-O dxc4 7.Na3 Na6 8.Nxc4 c5
9.dxc5 Nxc5 10.Be3 Be6 11.Rc1 Rc8 12.b3 b6 13.Qxd8 Rfxd8 14.Nd4 Ng4 15.Nc6 Nxe3
16.Nxe3 Rd7 17.Rfd1 Kf8 18.Rxd7 Bxd7 19.Nxa7 Rc7 20.b4 Bd4 21.Rc4 e5 22.bxc5 Bxc5
23.Nc6 Bxc6 24.Bxc6 Rxc6 25.Kg2 Ke7 26.Nd5+ Kd6 27.Nf6 h5 28.Kf3 Ke6 29.Ne4 f5
30.Nxc5+ bxc5 31.e4 Kd6 32.Ke3 Ra6 33.a4 Rb6 34.exf5 gxf5 35.Rh4 Rb3+ 36.Kd2 Rb2+
37.Ke3 Rb3+ 38.Kd2  1/2-1/2

[Event "Pula op"]
[Site "Pula"]
[Date "1996.??.??"]
[Round "?"]
[White "Lurje, Pawel"]
[Black "Fercec, Nenad"]
[Result "0-1"]
[WhiteElo "2240"]
[BlackElo "2405"]

1.Nf3 Nf6 2.g3 g6 3.Bg2 Bg7 4.c4 O-O 5.d4 d6 6.O-O Nbd7 7.Nc3 e5 8.e4 c6
9.h3 Re8 10.Re1 exd4 11.Nxd4 a5 12.Be3 a4 13.Qc2 Qa5 14.Rab1 Nc5 15.b4 axb3
16.axb3 Qc7 17.f4 Nh5 18.Nde2 f5 19.e5 Na6 20.exd6 Qxd6 21.Rbd1 Nb4 22.Qb1 Qf8
23.Bf2 Ra3 24.Kh2 Be6 25.Nd4 Bf7 26.Rxe8 Qxe8 27.Nc2 Nxc2 28.Qxc2 Bxc4 29.Re1 Qd7
30.bxc4 Rxc3 31.Qa2 h6 32.c5+ Kh7 33.Re2 Rd3 34.Qb1 Nf6 35.Re7 Qxe7 36.Qxd3 Ne4
37.Qe3 Bf8 38.Bxe4 fxe4 39.Kg2 Qe6 40.Bg1 Kg8 41.h4 Kf7 42.Bf2 h5 43.Qc1 Qb3
44.Be3 Bg7 45.Kh3 Qc3 46.Qg1 Ke6 47.Qf2 Qb2 48.Qf1 Qc2 49.Qg1 Kd5 50.g4 Qe2
51.gxh5 Qxh5 52.Qg4 Qxg4+ 53.Kxg4 Bf6 54.h5 gxh5+ 55.Kxh5 Kc4 56.Kg6 Bc3
57.f5 Kd3 58.Bf2 e3 59.Bg3 Bd4  0-1

[Event "Reykjavik op"]
[Site "Reykjavik"]
[Date "1996.??.??"]
[Round "4"]
[White "Andreasen, Per"]
[Black "Gunnarsson, Jon Viktor"]
[Result "0-1"]
[WhiteElo "2325"]
[BlackElo "2180"]

1.c4 Nf6 2.Nf3 g6 3.g3 Bg7 4.Bg2 O-O 5.O-O c5 6.Nc3 Nc6 7.d4 cxd4 8.Nxd4 Nxd4
9.Qxd4 d6 10.Qd3 Rb8 11.Be3 a6 12.Ba7 Ra8 13.Bd4 e5 14.Be3 Bf5 15.Qd2 Qc7
16.Rac1 Be6 17.Bg5 Nh5 18.Rfd1 f6 19.Nd5 Qf7 20.Be3 f5 21.Bb6 Rac8 22.b3 e4
23.Qa5 Rc6 24.Nb4 Rcc8 25.Rxd6 Rfe8 26.Rcd1 Nf6 27.R6d2 Ng4 28.Nd5 Bh6 29.e3 Ne5
30.Nf4 Nc6 31.Qa3 Bf8 32.Bc5 Bg7 33.Nxe6 Qxe6 34.Rd6 Rcd8 35.Qc1 Qf7 36.Qd2 Bf6
37.Qd5 Rxd6 38.Qxf7+ Kxf7 39.Bxd6 Rd8 40.c5 Be7 41.Bf1 Ne5 42.Bc4+ Nxc4 43.bxc4 b6
44.Rb1 Bxd6 45.cxd6 Rxd6 46.Rb4 Ke6 47.Kf1 Rc6 48.Ke2 Kd6 49.Kd2 Kc5 50.Kc3 Rd6
51.Rb2 Rd3+ 52.Kc2 Ra3 53.Kb1 Rc3 54.Rd2 Kxc4 55.Rd7 Rd3 56.Rxh7 Rd2 57.Rc7+ Kd3
58.Rc6 Rxf2 59.Rxg6 Rxh2 60.Rf6 Rh5 61.Rxb6 Kxe3 62.Rxa6 Kf2  0-1

[Event "EU-ch U18"]
[Site "Rimavska Sobota"]
[Date "1996.??.??"]
[Round "8"]
[White "Istrate, Bogdan"]
[Black "Jovanic, Ognjen"]
[Result "1-0"]
[WhiteElo "2280"]
[BlackElo "2315"]

1.Nf3 Nf6 2.c4 g6 3.g3 Bg7 4.Bg2 O-O 5.O-O d6 6.d4 c6 7.Nc3 Qa5 8.e4 Bg4
9.h3 Bxf3 10.Bxf3 Nfd7 11.Be3 Rc8 12.a3 Qd8 13.Be2 a6 14.c5 dxc5 15.dxc5 a5
16.Na4 Qc7 17.Qb3 Na6 18.f4 Rd8 19.e5 e6 20.Rfd1 g5 21.Rd6 Bf8 22.Bc4 Ndxc5
23.Nxc5 Bxd6 24.exd6 Rxd6 25.Bxa6 bxa6 26.Ne4 Rdd8 27.Qc3 e5 28.fxe5 h6 29.Rf1 Rab8
30.e6 f5 31.Nf6+ Kf8 32.Bc5+  1-0

[Event "Sas van Gent op U20"]
[Site "Sas van Gent"]
[Date "1996.??.??"]
[Round "4"]
[White "Meyer, Harvey"]
[Black "Martin, David"]
[Result "0-1"]
[WhiteElo "2200"]
[BlackElo "2155"]

1.c4 Nf6 2.Nf3 g6 3.g3 Bg7 4.Bg2 O-O 5.O-O d6 6.d4 Nbd7 7.Nc3 e5 8.e4 c6
9.h3 Qa5 10.Re1 exd4 11.Nxd4 Re8 12.Nb3 Qc7 13.Bf4 Ne5 14.c5 dxc5 15.Nxc5 Nh5
16.Bg5 h6 17.Be3 b6 18.Nb3 Ba6 19.Bf1 Rad8 20.Nd2 Bxf1 21.Rxf1 Nc4 22.Qe2 Nxe3
23.Qxe3 Bd4 24.Qxh6 Qxg3+ 25.Kh1 Qxh3+ 26.Kg1 Be5  0-1

[Event "DLM U20"]
[Site "Schoeneck"]
[Date "1996.??.??"]
[Round "2"]
[White "Schmidt, Jan Peter"]
[Black "Becking, Stephan"]
[Result "1/2-1/2"]
[WhiteElo "2205"]
[BlackElo "2200"]

1.Nf3 Nf6 2.c4 g6 3.g3 Bg7 4.Bg2 O-O 5.O-O d6 6.Nc3 c6 7.d4 Qa5 8.e4 Bg4
9.h3 Bxf3 10.Bxf3 e5 11.d5 cxd5 12.cxd5 Nbd7 13.a3 a6 14.Be3 Rac8 15.Qd2 Qc7
16.Rfc1 Nc5 17.Qd1 Qe7 18.b4 Ncd7 19.Ra2 Ne8 20.Rac2 f5 21.Kg2 Nef6 22.Ne2 Rxc2
23.Qxc2 fxe4 24.Bxe4 Nxe4 25.Qxe4 Nf6 26.Qc4 Qf7 27.Nc3 Nh5 28.Qg4 Bh6 29.Qe6 Qxe6
30.dxe6 Bxe3 31.fxe3 Rc8 32.g4 Ng7 33.e7 Kf7 34.Rf1+ Kxe7 35.Nd5+ Ke8 36.Nf6+ Ke7
37.Nd5+ Ke8 38.Nf6+ Ke7 39.Nxh7 Rc2+ 40.Kg1 Ne6 41.h4 d5 42.Nf6 d4 43.exd4 Nxd4
44.Ne4 Ne2+ 45.Kf2 Nc3+ 46.Kf3 Nxe4 47.Kxe4 Ke6 48.g5 Rc4+ 49.Kd3 Rxh4 50.Rf6+ Kd5
51.Rxg6 Rh3+ 52.Kd2 Rxa3 53.Rb6 Rg3 54.Rxb7 Rxg5 55.Rb6  1/2-1/2